000 00857nam a22002295i 4500
001 178526
003 ES-MaACL
005 20250901050853.0
008 110606s1994 sp |||| | spa d
020 _a84-88217-01-3
080 _a821.134.2-23"19"
100 1 _aFalcón, Lidia,
_d1935-
_948707
245 1 0 _aCinco obras de teatro /
_cLidia Falcón.
246 3 4 _iTít. de la cub.
_aTeatro
250 _a1ª ed.
260 _aMadrid :
_bVindicación Feminista,
_c1994.
300 _a157 p. ;
_c20 cm.
505 8 0 _aContiene: Las mujeres caminaron con el fuego del siglo ; Tres idiotas españolas ; Siempre busqué el amor ; ¡Parid, parid, malditas! ; ¡Pague, calle y no moleste, señora!
710 2 _aVindicación Feminista
_9170615
852 _aES-MaACL
_jE-15292
_z.- Dedicatoria autógrafa de la autora
999 _c178526
_d178526